00451nam a2200157Ia 450000500170000000800460001702000180006303700100008104000180009104100130010908400080012210000110013024500550014126000570019685600400025320260120132504.0008 260114s9999 xx 000 0 eng d a9780191947971 aEBOOK aCRLbengcCRL aeng2eng qCRL aNitzan 0aChemical Dynamics in Condensed Phases, 2nd Edition bOxford University PressOxford University Pressc2024 uhttps://academic.oup.com/book/57505